01228nam a2200301 i 4500003000900000005001700009006001900026007000300045008004100048040003000089082001400119100002900133245012200162264004700284300002700331336002600358337003300384338002800417500007600445590002700521700002900548700002600577710008600603710007400689942001400763952013200777999001700909DO-SdBNP20230626153426.0a||||gr|||| 00| 0 ta230626b? |||||||| |||| 00| 0 spa d aDO-SdBNPbspacBNPHUerda 4222bG643m1 929274aGonzález, Sarah aLa matemática en mi vida 7mo. curso :bguía didáctica. / cSarah González, Dulce Rodríguez, Raúl Alvarado a[sin lugar] :bPUCMM,bEDUCA,c[sin fecha] a231 páginas :c20 cm 2rdacontenatextobtxt 2rdamediaasin mediciónbn 2rdacarrieravolumenbnc aProyecto "Iniciativas privadas para la Educación Primaria" (P.I.P.E.) aInventariado 2023 / MF1 929275aRodríguez Dulce1 967251aAlvarado, Raul2 937174aPontificia Universidad Católica Madre y Maestra bRepública Dominicana2 982994aAcción para la Educación Básica bRepública Dominicana 2ddccLBS1 00102ddc51708PDaBNPHUbBNPHUcCTd2014-12-26eDonado por Barbara Suncarl0oG643mp2023-2778r2023-06-26w2023-06-26yLBS1 c53961d53961